The God Quiz - Statistics

General Stats
  • This quiz has been taken 196 times
  • The average score is 14 of 20
Answer Stats
Question Answer % Correct
Who is the Norse god of Thunder? Thor
96%
What country once worshipped gods named Isis, Horus, and Osiris? Egypt
92%
What mountain was the home of the Greek gods? Mount Olympus
92%
What is the national anthem of the United Kingdom? God Save the Queen
91%
According to bible's Genesis 1:3, what did God say let there be? Light
91%
What is the Roman version of the Greek god Zeus? Jupiter
88%
What is the term for the belief that there is only one god? Monotheism
87%
Who was the Greek goddess of wisdom? Athena
82%
On what island chain did people once worship a volcano goddess named Pele? Hawaii
74%
What Arabic phrase that means "God is great"? Allāhu Akbar
72%
What country's Emperor is believed to be the direct descendant of the sun goddess Amaterasu? Japan
68%
What German philosopher has said the quote "God is dead"? Friedrich Nietzsche
66%
Who is the Hindu "destroyer" god? Shiva
66%
Who rapped in "Rap God"? Eminem
62%
What movie series was directed by Francis Ford Coppola? The Godfather
62%
In what ancient civilization was Inti the god of sun? Inca
59%
What was history's first religion to teach such concept? Zoroastrianism
38%
Who is the protagonist of Playstation video game "God of War"? Kratos
35%
What Mesoamerican god was portrayed as a feathered serpent? Quetzalcoatl
29%
What author famously said "If there is no God, everything is permitted"? Fyodor Dostoyevsky
7%
No matching quizzes found
Score Distribution
Percent of People with Each Score
Percentile by Number Answered
Your Score History
You have not taken this quiz